[Event "Copenhagen Obro op"]
[Site "Copenhagen"]
[Date "2022.08.25"]
[Round "5"]
[White "Nilssen, John Arni"]
[Black "Marchena Hurtado, Javier"]
[Result "1-0"]
[WhiteElo "2334"]
[BlackElo "2350"]
[PlyCount "57"]
[EventDate "2022.08.22"]
[EventType "swiss"]
[EventRounds "9"]
[EventCountry "DEN"]
[SourceTitle "CBM 209 Extra"]
[Source "ChessBase"]
[SourceDate "2022.09.30"]
[SourceVersion "1"]
[SourceVersionDate "2022.09.30"]
[SourceQuality "1"]

1. d4 d5 2. c4 c6 3. Nc3 Nf6 4. e3 a6 5. Nf3 b5 6. c5 Nbd7 7. Qc2 g6 8. e4 dxe4 9. Nxe4 Bg7 10. a4 bxa4 11. Bc4 0-0 12. 0-0 Nxe4 13. Qxe4 Nf6 14. Qh4 a5 15. Ne5 Qc7 16. Bf4 Qb7 17. Rxa4 Bf5 18. Bg5 Rac8 19. b3 Nd5 20. Bxd5 cxd5 21. Bxe7 Qxb3 22. Rxa5 Qb4 23. Bxf8 Bxe5 24. Bh6 Bxd4 25. Rfa1 Bxc5 26. Qxb4 Bxb4 27. Ra8 Bf8 28. Rxc8 Bxc8 29. Bxf8 1-0

[Event "Titled Tuesday intern op 27th July"]
[Site "Chess.com INT"]
[Date "2021.07.27"]
[Round "1"]
[White "Asadli, Vugar Afgan Oglu"]
[Black "Marchena Hurtado, Javier"]
[Result "1-0"]
[WhiteElo "2574"]
[BlackElo "2350"]
[PlyCount "61"]
[EventDate "2021.07.27"]
[EventType "swiss (blitz)"]
[EventRounds "11"]
[EventCountry "USA"]
[SourceTitle "CBM 203 Extra"]
[Source "ChessBase"]
[SourceDate "2021.09.30"]
[SourceVersion "1"]
[SourceVersionDate "2021.09.30"]
[SourceQuality "1"]

1. e4 c5 2. Nc3 Nc6 3. Bb5 Nd4 4. Nf3 g6 5. Nxd4 cxd4 6. Ne2 Bg7 7. 0-0 Qb6 8. Ba4 e6 9. d3 Ne7 10. c3 dxc3 11. bxc3 0-0 12. d4 d6 13. Be3 Qa5 14. Rb1 Nc6 15. c4 Rd8 16. f4 Rb8 17. d5 Ne7 18. Nd4 exd5 19. cxd5 Qc3 20. Rf3 Bd7 21. Bxd7 Rxd7 22. f5 Be5 23. Nb5 Qc4 24. f6 Nc8 25. Bd4 Bxd4+ 26. Nxd4 Nb6 27. Qd2 Kh8 28. Qh6 Qxd4+ 29. Kh1 Rg8 30. Qxh7+ Kxh7 31. Rh3# 1-0

[Event "Titled Tuesday intern op 27th July"]
[Site "Chess.com INT"]
[Date "2021.07.27"]
[Round "2"]
[White "Marchena Hurtado, Javier"]
[Black "Ferguson, Randal"]
[Result "1-0"]
[WhiteElo "2350"]
[BlackElo "2058"]
[PlyCount "117"]
[EventDate "2021.07.27"]
[EventType "swiss (blitz)"]
[EventRounds "11"]
[EventCountry "USA"]
[SourceTitle "CBM 203 Extra"]
[Source "ChessBase"]
[SourceDate "2021.09.30"]
[SourceVersion "1"]
[SourceVersionDate "2021.09.30"]
[SourceQuality "1"]

1. e4 c5 2. Nf3 d6 3. d4 Nf6 4. Nc3 cxd4 5. Nxd4 a6 6. Be3 e5 7. Nf3 Be7 8. Bc4 Be6 9. Bb3 Nc6 10. 0-0 0-0 11. Nh4 b5 12. a3 Rc8 13. Nf5 Bxf5 14. exf5 Na5 15. Bg5 Nc4 16. Bxc4 Rxc4 17. Bxf6 Bxf6 18. Nd5 Qa8 19. Nb6 Qc6 20. Nxc4 bxc4 21. c3 d5 22. Qe2 Rd8 23. Rfe1 h6 24. Rad1 d4 25. cxd4 exd4 26. Rc1 d3 27. Qd2 Bg5 28. f4 Bxf4 29. Qxf4 d2 30. Red1 dxc1Q 31. Rxc1 Qb6+ 32. Qf2 Qxf2+ 33. Kxf2 Rd2+ 34. Kf1 Rxb2 35. Rxc4 Ra2 36. Ra4 Kh7 37. Rxa6 h5 38. h4 f6 39. Kg1 Kh6 40. Kh2 Kh7 41. Kg3 Kh6 42. Kf3 Kh7 43. g3 Kh6 44. Kf4 Kh7 45. a4 Kh6 46. Ke4 Ra3 47. Kf4 Ra2 48. a5 Ra3 49. Ra8 Ra4+ 50. Kf3 Kh7 51. a6 Ra3+ 52. Kf4 Ra4+ 53. Ke3 Ra5 54. a7 Ra3+ 55. Kd4 Ra4+ 56. Kd5 Ra1 57. Ke6 Re1+ 58. Kf7 Ra1 59. Kf8 1-0

[Event "Titled Tuesday intern op 27th July"]
[Site "Chess.com INT"]
[Date "2021.07.27"]
[Round "6"]
[White "Marchena Hurtado, Javier"]
[Black "Novikova, Galina"]
[Result "1-0"]
[WhiteElo "2350"]
[BlackElo "2073"]
[PlyCount "115"]
[EventDate "2021.07.27"]
[EventType "swiss (blitz)"]
[EventRounds "11"]
[EventCountry "USA"]
[SourceTitle "CBM 203 Extra"]
[Source "ChessBase"]
[SourceDate "2021.09.30"]
[SourceVersion "1"]
[SourceVersionDate "2021.09.30"]
[SourceQuality "1"]

1. e4 e6 2. d4 d5 3. Nd2 Nc6 4. Ngf3 g5 5. Bb5 Bd7 6. 0-0 g4 7. Bxc6 gxf3 8. Bxd7+ Qxd7 9. Qxf3 0-0-0 10. c3 f5 11. exf5 exf5 12. Re1 Bd6 13. Nf1 Ne7 14. Bf4 Kb8 15. Bxd6 Qxd6 16. Re5 Ng6 17. Ree1 Rhg8 18. g3 f4 19. Kh1 fxg3 20. fxg3 h5 21. Ne3 h4 22. Nf5 Qb6 23. Re2 hxg3 24. Nxg3 Rdf8 25. Qe3 a6 26. Rae1 Nf4 27. Rf2 Nh3 28. Rxf8+ Rxf8 29. Qe6 Nf2+ 30. Kg2 Qxb2 31. Re2 Qxc3 32. Rxf2 Rxf2+ 33. Kxf2 Qxd4+ 34. Qe3 Qb2+ 35. Qe2 Qf6+ 36. Kg2 d4 37. Ne4 Qg6+ 38. Kf2 Qf7+ 39. Kg3 Qd5 40. h4 d3 41. Qe3 Qe5+ 42. Qf4 Qg7+ 43. Kf3 Qd7 44. Ke3 Qb5 45. Kd2 Qh5 46. Qf8+ Ka7 47. Qc5+ Qxc5 48. Nxc5 b6 49. h5 bxc5 50. h6 Kb6 51. h7 c4 52. h8Q Kc5 53. Qe5+ Kb4 54. Qc3+ Kc5 55. a4 c6 56. Ke3 Kd5 57. Qd4+ Ke6 58. Qxc4+ 1-0

[Event "Titled Tuesday intern op 06th July"]
[Site "Chess.com INT"]
[Date "2021.07.06"]
[Round "5"]
[White "Marchena Hurtado, Javier"]
[Black "Musat, Adrian"]
[Result "1-0"]
[WhiteElo "2350"]
[BlackElo "2387"]
[PlyCount "75"]
[EventDate "2021.07.06"]
[EventType "swiss (blitz)"]
[EventRounds "11"]
[EventCountry "USA"]
[SourceTitle "EXT 2022"]
[Source "ChessBase"]
[SourceDate "2021.10.06"]
[SourceVersion "1"]
[SourceVersionDate "2021.10.06"]
[SourceQuality "1"]

1. e4 c5 2. Nf3 Nc6 3. d4 cxd4 4. Nxd4 Nf6 5. Nc3 h5 6. Be3 Ng4 7. Nxc6 bxc6 8. Bc1 Qb6 9. Qd2 g6 10. h3 Bh6 11. f4 Nf6 12. e5 Nd5 13. Nxd5 cxd5 14. Qxd5 Bb7 15. Qb3 Rc8 16. Qxb6 axb6 17. c3 d6 18. Kf2 0-0 19. exd6 exd6 20. Be3 Rfe8 21. Rd1 d5 22. Bd3 Ra8 23. a3 Ra4 24. Rhe1 Bxf4 25. Bxb6 Rxe1 26. Rxe1 h4 27. Re8+ Kh7 28. Bd4 Bg3+ 29. Ke2 Kh6 30. Bf6 Ra8 31. Rxa8 Bxa8 32. Bd4 f5 33. b4 Kg5 34. a4 Kf4 35. a5 g5 36. b5 g4 37. a6 Kg5 38. b6 1-0

[Event "Titled Tuesday intern op 06th July"]
[Site "Chess.com INT"]
[Date "2021.07.06"]
[Round "10"]
[White "Marchena Hurtado, Javier"]
[Black "Zaksaite, Salomeja"]
[Result "1-0"]
[WhiteElo "2350"]
[BlackElo "2202"]
[PlyCount "47"]
[EventDate "2021.07.06"]
[EventType "swiss (blitz)"]
[EventRounds "11"]
[EventCountry "USA"]
[SourceTitle "EXT 2022"]
[Source "ChessBase"]
[SourceDate "2021.10.06"]
[SourceVersion "1"]
[SourceVersionDate "2021.10.06"]
[SourceQuality "1"]

1. e4 c5 2. Nf3 e6 3. d4 cxd4 4. Nxd4 Nf6 5. Nc3 Nc6 6. Ndb5 d6 7. Bf4 e5 8. Bg5 a6 9. Na3 b5 10. Nd5 Be7 11. Bxf6 Bxf6 12. c4 b4 13. Nc2 0-0 14. g3 a5 15. Bg2 Nb8 16. h4 Na6 17. b3 Nc5 18. Nce3 Bb7 19. 0-0 g6 20. a3 bxa3 21. Rxa3 Bg7 22. Qc2 Bc6 23. Rfa1 Qb8 24. Ne7+ 1-0

[Event "Titled Tuesday intern op 06th July"]
[Site "Chess.com INT"]
[Date "2021.07.06"]
[Round "3"]
[White "Rorrer, Grayson"]
[Black "Marchena Hurtado, Javier"]
[Result "1-0"]
[WhiteElo "2202"]
[BlackElo "2350"]
[PlyCount "55"]
[EventDate "2021.07.06"]
[EventType "swiss (blitz)"]
[EventRounds "11"]
[EventCountry "USA"]
[SourceTitle "EXT 2022"]
[Source "ChessBase"]
[SourceDate "2021.10.06"]
[SourceVersion "1"]
[SourceVersionDate "2021.10.06"]
[SourceQuality "1"]

1. e4 e5 2. Nc3 Nf6 3. d4 exd4 4. Qxd4 Nc6 5. Qd3 Bb4 6. Bd2 0-0 7. 0-0-0 Re8 8. Nge2 d6 9. Bg5 Ne5 10. Qg3 Ned7 11. f3 c6 12. h4 Qe7 13. h5 Qe5 14. Bf4 Qa5 15. Bxd6 Bxd6 16. Qxd6 Ne5 17. h6 Be6 18. Qd2 Nc4 19. Qf4 Qb4 20. Na4 Red8 21. Nd4 Qxa4 22. Qg5 Ne8 23. hxg7 Qxa2 24. Bxc4 Bxc4 25. Rxh7 Qa1+ 26. Kd2 Rxd4+ 27. Ke3 Kxh7 28. g8Q# 1-0

[Event "Titled Tuesday intern op 22nd June"]
[Site "Chess.com INT"]
[Date "2021.06.22"]
[Round "3"]
[White "Marchena Hurtado, Javier"]
[Black "Baskin, Robert"]
[Result "0-1"]
[WhiteElo "2364"]
[BlackElo "2390"]
[PlyCount "56"]
[EventDate "2021.06.22"]
[EventType "swiss (blitz)"]
[EventRounds "11"]
[EventCountry "USA"]
[SourceTitle "CBM 203 Extra"]
[Source "ChessBase"]
[SourceDate "2021.09.30"]
[SourceVersion "1"]
[SourceVersionDate "2021.09.30"]
[SourceQuality "1"]

1. e4 c6 2. d4 d5 3. Nd2 dxe4 4. Nxe4 Bf5 5. Ng3 Bg6 6. h4 h6 7. Nf3 Nd7 8. h5 Bh7 9. Bd3 Bxd3 10. Qxd3 e6 11. Bd2 Ngf6 12. 0-0-0 Be7 13. Kb1 c5 14. d5 Nxd5 15. Nf5 Bf6 16. c4 Qb6 17. b3 Qa6 18. Bf4 Nc3+ 19. Kc1 Qa3+ 20. Kd2 exf5 21. Rhe1+ Ne4+ 22. Rxe4+ fxe4 23. Qxe4+ Kf8 24. Qxb7 Nb6 25. Ke1 Re8+ 26. Kf1 Qxa2 27. Bd2 Qxb3 28. Ra1 Bxa1 0-1

[Event "Titled Tuesday intern op 22nd June"]
[Site "Chess.com INT"]
[Date "2021.06.22"]
[Round "7"]
[White "Marchena Hurtado, Javier"]
[Black "Perez Rodriguez, Luis Manuel"]
[Result "1/2-1/2"]
[WhiteElo "2364"]
[BlackElo "2324"]
[PlyCount "72"]
[EventDate "2021.06.22"]
[EventType "swiss (blitz)"]
[EventRounds "11"]
[EventCountry "USA"]
[SourceTitle "CBM 203 Extra"]
[Source "ChessBase"]
[SourceDate "2021.09.30"]
[SourceVersion "1"]
[SourceVersionDate "2021.09.30"]
[SourceQuality "1"]

1. d4 d5 2. c4 c6 3. Nf3 Nf6 4. e3 e6 5. Bd3 Nbd7 6. Nbd2 Bd6 7. e4 e5 8. cxd5 cxd5 9. exd5 0-0 10. 0-0 exd4 11. Ne4 Nxe4 12. Bxe4 Nf6 13. Bg5 h6 14. Bxf6 Qxf6 15. Qxd4 Qxd4 16. Nxd4 Bd7 17. Rad1 Rad8 18. Bf5 Be5 19. Be4 Rfe8 20. Rfe1 Bxd4 21. Rxd4 f5 22. f3 fxe4 23. fxe4 Re5 24. Kf2 Be8 25. Ke3 Bg6 26. Kf4 Re7 27. e5 Bf7 28. d6 Re6 29. Rc1 Bg6 30. Rc7 Rf8+ 31. Kg3 Rxe5 32. d7 Rg5+ 33. Kh4 Rh5+ 34. Kg3 Rg5+ 35. Kh4 Rh5+ 36. Kg3 Rg5+ 1/2-1/2

[Event "Titled Tuesday intern op 22nd June"]
[Site "Chess.com INT"]
[Date "2021.06.22"]
[Round "10"]
[White "Marchena Hurtado, Javier"]
[Black "Samaganova, Alexandra"]
[Result "1-0"]
[WhiteElo "2364"]
[BlackElo "1993"]
[PlyCount "109"]
[EventDate "2021.06.22"]
[EventType "swiss (blitz)"]
[EventRounds "11"]
[EventCountry "USA"]
[SourceTitle "CBM 203 Extra"]
[Source "ChessBase"]
[SourceDate "2021.09.30"]
[SourceVersion "1"]
[SourceVersionDate "2021.09.30"]
[SourceQuality "1"]

1. e4 c5 2. Nf3 e6 3. d4 cxd4 4. Nxd4 a6 5. Bd3 Qc7 6. 0-0 Nf6 7. Qe2 d6 8. Nc3 Be7 9. a4 0-0 10. Kh1 b6 11. f4 Nbd7 12. Bd2 Bb7 13. Rae1 Nc5 14. f5 e5 15. Nf3 Rfe8 16. Bg5 Bd8 17. Bxf6 Bxf6 18. Bc4 Rac8 19. Bd5 Bd8 20. Qc4 Qd7 21. Bxb7 Qxb7 22. Nd5 b5 23. axb5 axb5 24. Qe2 f6 25. Nd2 Ba5 26. c3 b4 27. Nc4 Bc7 28. cxb4 Na4 29. Ra1 Qb5 30. b3 Nb6 31. Ra5 Qd7 32. Ncxb6 Bxb6 33. Nxb6 Qb7 34. Nxc8 Rxc8 35. h3 Qxb4 36. Rd5 h6 37. Rd3 Qa3 38. Kh2 Qc5 39. Rfd1 Qa3 40. Rxd6 Kh7 41. R6d3 Qb4 42. Qg4 Rg8 43. Qg6+ Kh8 44. Rd8 Qxb3 45. Rxg8+ Qxg8 46. Rd7 Qf8 47. Rc7 Qg8 48. Re7 Qf8 49. Re8 Kg8 50. Rxf8+ Kxf8 51. Qh7 Ke7 52. Qxg7+ Kd6 53. Qxh6 Kc5 54. h4 Kd4 55. Qxf6 1-0

[Event "Titled Tuesday intern op 13th Apr"]
[Site "Chess.com INT"]
[Date "2021.04.13"]
[Round "2"]
[White "Erdogdu, Mert"]
[Black "Marchena Hurtado, Javier"]
[Result "1-0"]
[WhiteElo "2396"]
[BlackElo "2364"]
[PlyCount "65"]
[EventDate "2021.04.13"]
[EventType "swiss (blitz)"]
[EventRounds "11"]
[EventCountry "USA"]
[SourceTitle "CBM 201 Extra"]
[Source "ChessBase"]
[SourceDate "2021.05.31"]
[SourceVersion "1"]
[SourceVersionDate "2021.05.31"]
[SourceQuality "1"]

1. e4 e5 2. Nf3 Nc6 3. Bc4 Bc5 4. d3 d6 5. c3 Nf6 6. 0-0 0-0 7. a4 a6 8. Bg5 h6 9. Bh4 g5 10. Bg3 Bg4 11. Nbd2 Nh5 12. b4 Bb6 13. Bd5 Nf4 14. Nc4 Ne7 15. Bxb7 Ra7 16. a5 Bxf2+ 17. Rxf2 Rxb7 18. Ne3 Be6 19. d4 f6 20. Qf1 Ra7 21. Rd1 Kg7 22. dxe5 fxe5 23. Nxe5 Qe8 24. Nd3 Nxd3 25. Qxd3 Rxf2 26. Bxf2 Ra8 27. Nf5+ Bxf5 28. exf5 Qf7 29. f6+ Kxf6 30. Bd4+ Ke6 31. Qe4+ Kd7 32. Qxa8 Qb3 33. Rf1 1-0

[Event "Titled Tuesday intern op 10th Nov"]
[Site "Chess.com INT"]
[Date "2020.11.10"]
[Round "9"]
[White "Marchena Hurtado, Javier"]
[Black "Huda, Maryana"]
[Result "1-0"]
[WhiteElo "2342"]
[BlackElo "2128"]
[PlyCount "127"]
[EventDate "2020.11.10"]
[EventType "swiss (blitz)"]
[EventRounds "11"]
[EventCountry "USA"]
[SourceTitle "CBM 199 Extra"]
[Source "ChessBase"]
[SourceDate "2021.01.31"]
[SourceVersion "1"]
[SourceVersionDate "2021.01.31"]
[SourceQuality "1"]

1. e4 e5 2. Nf3 Nc6 3. Bc4 Nf6 4. d3 Be7 5. 0-0 0-0 6. Re1 d6 7. a4 Na5 8. Ba2 c5 9. Nc3 Be6 10. Bg5 Bxa2 11. Rxa2 Nc6 12. Bxf6 Bxf6 13. Nd5 Bg5 14. Ra1 f5 15. c3 Kh8 16. h3 Bh6 17. Nh2 Ne7 18. Nxe7 Qxe7 19. Qh5 Qg5 20. Qxg5 Bxg5 21. a5 Rf7 22. Re2 Raf8 23. exf5 Rxf5 24. Nf1 Bf4 25. g3 Bg5 26. h4 Bd8 27. Ne3 Rf3 28. Rd2 g5 29. h5 g4 30. Nxg4 Bg5 31. Rdd1 Re8 32. Ra4 d5 33. Kg2 Rf5 34. Re1 Bd2 35. Re2 Bc1 36. c4 d4 37. Ra1 Bg5 38. Rae1 Bd8 39. a6 bxa6 40. Rxe5 Rfxe5 41. Rxe5 Rxe5 42. Nxe5 Ba5 43. Kf3 Bb4 44. Ke4 a5 45. b3 Kg7 46. g4 Kf6 47. f4 h6 48. Nd7+ Ke7 49. Ne5 Kf6 50. Nf3 Bc3 51. g5+ Kg7 52. Kf5 Bb4 53. g6 a4 54. Ke6 axb3 55. f5 b2 56. f6+ Kf8 57. Ne5 b1Q 58. Nd7+ Ke8 59. f7+ Kd8 60. f8Q+ Kc7 61. Qb8+ Kc6 62. Qd6+ Kb7 63. g7 Qe1+ 64. Qe5 1-0

[Event "Titled Tuesday intern op 10th Nov"]
[Site "Chess.com INT"]
[Date "2020.11.10"]
[Round "7"]
[White "Marchena Hurtado, Javier"]
[Black "Petrova, Irina"]
[Result "1-0"]
[WhiteElo "2342"]
[BlackElo "2077"]
[PlyCount "51"]
[EventDate "2020.11.10"]
[EventType "swiss (blitz)"]
[EventRounds "11"]
[EventCountry "USA"]
[SourceTitle "CBM 199 Extra"]
[Source "ChessBase"]
[SourceDate "2021.01.31"]
[SourceVersion "1"]
[SourceVersionDate "2021.01.31"]
[SourceQuality "1"]

1. d4 d6 2. e4 Nf6 3. Nc3 e5 4. dxe5 dxe5 5. Qxd8+ Kxd8 6. Bg5 Be6 7. 0-0-0+ Nbd7 8. f4 exf4 9. Nf3 Kc8 10. Bxf4 Bb4 11. Nd4 Bxc3 12. bxc3 Nxe4 13. Nxe6 fxe6 14. Bc4 Nf2 15. Bxe6 Nxd1 16. Rxd1 Rd8 17. Bg5 Kb8 18. Bxd8 Nc5 19. Bg4 a5 20. Be7 Ne4 21. Rd7 Ra6 22. Bf3 Nxc3 23. Kb2 Na4+ 24. Ka3 Nb6 25. Rd8+ Ka7 26. Be2 1-0

[Event "Titled Tuesday intern op 10th Nov"]
[Site "Chess.com INT"]
[Date "2020.11.10"]
[Round "1"]
[White "Marchena Hurtado, Javier"]
[Black "Salinas Herrera, Pablo Patricio"]
[Result "0-1"]
[WhiteElo "2342"]
[BlackElo "2514"]
[PlyCount "62"]
[EventDate "2020.11.10"]
[EventType "swiss (blitz)"]
[EventRounds "11"]
[EventCountry "USA"]
[SourceTitle "CBM 199 Extra"]
[Source "ChessBase"]
[SourceDate "2021.01.31"]
[SourceVersion "1"]
[SourceVersionDate "2021.01.31"]
[SourceQuality "1"]

1. e4 c5 2. Nf3 d6 3. d4 cxd4 4. Nxd4 Nf6 5. Nc3 a6 6. Be3 e6 7. Qd2 b5 8. f3 b4 9. Nce2 e5 10. Nb3 Nc6 11. Rd1 Be6 12. Ng3 Be7 13. Be2 0-0 14. 0-0 Qc7 15. Kh1 Rfd8 16. Bg5 h6 17. Bxh6 gxh6 18. Qxh6 Nh7 19. f4 Kh8 20. f5 Bxb3 21. cxb3 Bg5 22. Qh5 Bf4 23. Rd3 Rg8 24. f6 Bxg3 25. hxg3 Nd4 26. Bd1 Rg5 27. Qh6 Rg6 28. Qh4 Qc1 29. Kg1 Qg5 30. Qh3 Rxf6 31. Rf5 Nxf5 0-1

[Event "Titled Tuesday intern op 10th Nov"]
[Site "Chess.com INT"]
[Date "2020.11.10"]
[Round "11"]
[White "Voiteanu, Christian Gabriel"]
[Black "Marchena Hurtado, Javier"]
[Result "1-0"]
[WhiteElo "2123"]
[BlackElo "2342"]
[PlyCount "53"]
[EventDate "2020.11.10"]
[EventType "swiss (blitz)"]
[EventRounds "11"]
[EventCountry "USA"]
[SourceTitle "CBM 199 Extra"]
[Source "ChessBase"]
[SourceDate "2021.01.31"]
[SourceVersion "1"]
[SourceVersionDate "2021.01.31"]
[SourceQuality "1"]

1. d4 Nf6 2. g3 g6 3. Bg2 Bg7 4. Nf3 0-0 5. 0-0 d6 6. c4 c5 7. d5 e6 8. Nc3 exd5 9. cxd5 Re8 10. Bf4 a6 11. a4 Qe7 12. Re1 Bg4 13. Nd2 Nh5 14. Nc4 Nxf4 15. gxf4 Nd7 16. Ne4 Qh4 17. Nexd6 Bh3 18. Bxh3 Qxh3 19. Qd3 Qxd3 20. exd3 Red8 21. Nxb7 Rdb8 22. Nba5 Bxb2 23. Rab1 Bc3 24. Rxb8+ Rxb8 25. Re7 Nf8 26. Nc6 h5 27. Nxb8 1-0

[Event "Titled Tuesday intern op 20th Oct"]
[Site "Chess.com INT"]
[Date "2020.10.20"]
[Round "10"]
[White "Marchena Hurtado, Javier"]
[Black "Idrisova, Roza"]
[Result "1-0"]
[WhiteElo "2344"]
[BlackElo "1960"]
[PlyCount "49"]
[EventDate "2020.10.20"]
[EventType "swiss (blitz)"]
[EventRounds "11"]
[EventCountry "USA"]
[SourceTitle "EXT 2022"]
[Source "ChessBase"]
[SourceDate "2021.10.06"]
[SourceVersion "1"]
[SourceVersionDate "2021.10.06"]
[SourceQuality "1"]

1. e4 c6 2. d4 d5 3. Nd2 g6 4. Ngf3 Bg7 5. Bd3 Bg4 6. h3 Bxf3 7. Nxf3 e6 8. 0-0 Nf6 9. e5 Nfd7 10. Bg5 Qb6 11. Qd2 h5 12. c4 a5 13. Rac1 Qb4 14. Qf4 Na6 15. cxd5 cxd5 16. Bxa6 bxa6 17. Rc7 Qb5 18. Rfc1 0-0 19. Bf6 Rab8 20. Ng5 Rb7 21. g4 hxg4 22. hxg4 Qxb2 23. Qh2 Nxf6 24. exf6 Bxf6 25. Qh7# 1-0

[Event "Titled Tuesday intern op 20th Oct"]
[Site "Chess.com INT"]
[Date "2020.10.20"]
[Round "3"]
[White "Shamsi, Mohammadhossein"]
[Black "Marchena Hurtado, Javier"]
[Result "1-0"]
[WhiteElo "2217"]
[BlackElo "2344"]
[PlyCount "101"]
[EventDate "2020.10.20"]
[EventType "swiss (blitz)"]
[EventRounds "11"]
[EventCountry "USA"]
[SourceTitle "EXT 2022"]
[Source "ChessBase"]
[SourceDate "2021.10.06"]
[SourceVersion "1"]
[SourceVersionDate "2021.10.06"]
[SourceQuality "1"]

1. e4 c5 2. Nf3 Nc6 3. Bb5 d6 4. 0-0 Bd7 5. d4 cxd4 6. Nxd4 Nf6 7. Nc3 e6 8. Re1 Be7 9. Bg5 0-0 10. Nxc6 bxc6 11. Bd3 h6 12. Bh4 Rb8 13. b3 Qa5 14. Qd2 Rfe8 15. Rad1 Qh5 16. Bg3 e5 17. f3 Qg6 18. Bc4 Nh5 19. Bf2 Nf4 20. Bxa7 Ra8 21. Be3 Ne6 22. a4 Red8 23. Bb6 Rdc8 24. a5 Nf4 25. Kh1 Be6 26. Bf1 h5 27. Qf2 h4 28. Ne2 Nxe2 29. Rxe2 Qg5 30. Red2 d5 31. exd5 cxd5 32. Re2 d4 33. Re4 h3 34. g3 Bd5 35. Ree1 Qf5 36. Rd3 e4 37. Rxd4 exf3 38. Bd3 Qd7 39. Rxd5 Qxd5 40. Rxe7 Re8 41. Re3 Rxe3 42. Bxe3 Re8 43. Bd2 Qe5 44. a6 Qa1+ 45. Qf1 Qxf1+ 46. Bxf1 f2 47. a7 Ra8 48. Be3 Kf8 49. Bxf2 Ke7 50. Bxh3 Kd6 51. Bg2 1-0

[Event "Copenhagen-ch"]
[Site "Taastrup"]
[Date "2020.09.27"]
[Round "5"]
[White "Marchena Hurtado, Javier"]
[Black "Haubro, Martin"]
[Result "1-0"]
[WhiteElo "2322"]
[BlackElo "2419"]
[PlyCount "63"]
[EventDate "2020.09.25"]
[EventType "swiss"]
[EventRounds "5"]
[EventCountry "DEN"]
[SourceTitle "EXT 2021"]
[Source "ChessBase"]
[SourceDate "2020.10.23"]
[SourceVersion "1"]
[SourceVersionDate "2020.10.23"]
[SourceQuality "1"]

1. d4 Nf6 2. c4 e6 3. Nf3 d5 4. g3 Bb4+ 5. Bd2 Be7 6. Qc2 0-0 7. Bg2 Nbd7 8. 0-0 Ne4 9. Nc3 Nxd2 10. Nxd2 c5 11. e3 cxd4 12. exd4 dxc4 13. Nxc4 Nb6 14. Nxb6 Qxb6 15. d5 Bd7 16. Rfd1 Rad8 17. Qb3 Qxb3 18. axb3 Bc5 19. b4 Bxb4 20. Rxa7 g6 21. d6 Bc8 22. Ne4 f5 23. Ra4 Be1 24. Ng5 h6 25. Nh3 e5 26. Rxe1 Rxd6 27. Rxe5 Rd1+ 28. Bf1 f4 29. Nxf4 Rxf4 30. Re8+ Kg7 31. Re7+ Kg8 32. gxf4 1-0

[Event "Copenhagen-ch"]
[Site "Taastrup"]
[Date "2020.09.27"]
[Round "4"]
[White "Vesterli, Michael"]
[Black "Marchena Hurtado, Javier"]
[Result "1/2-1/2"]
[WhiteElo "2235"]
[BlackElo "2322"]
[PlyCount "148"]
[EventDate "2020.09.25"]
[EventType "swiss"]
[EventRounds "5"]
[EventCountry "DEN"]
[SourceTitle "EXT 2021"]
[Source "ChessBase"]
[SourceDate "2020.10.23"]
[SourceVersion "1"]
[SourceVersionDate "2020.10.23"]
[SourceQuality "1"]

1. d4 Nf6 2. c4 g6 3. Nc3 Bg7 4. e4 d6 5. Nf3 0-0 6. Be2 e5 7. 0-0 Nbd7 8. Re1 Re8 9. Bf1 c6 10. d5 Qc7 11. Rb1 a5 12. a3 a4 13. dxc6 bxc6 14. Bd3 Nc5 15. Bc2 Be6 16. Be3 Bxc4 17. Bxc5 dxc5 18. Nxa4 Bh6 19. Ra1 Red8 20. Qb1 Nd7 21. b3 Rdb8 22. Qd1 Be6 23. Qd3 c4 24. bxc4 Rxa4 25. Bxa4 Nc5 26. Qd1 Rd8 27. Qc2 Ra8 28. Bb3 Qb6 29. Reb1 Qa5 30. Qe2 Qc3 31. Bd1 Bxc4 32. Qc2 Qd3 33. Qxd3 Bxd3 34. Rb4 Bxe4 35. a4 Bd5 36. Rab1 Nd7 37. Rb7 Be6 38. Rc7 c5 39. Rbb7 e4 40. Ne1 Rd8 41. Bb3 Bf4 42. Bxe6 Bxc7 43. Bxd7 Rxd7 44. Kf1 Kf8 45. a5 Ke7 46. a6 Kd6 47. Nc2 Kc6 48. Na3 Rd1+ 49. Ke2 Ra1 50. Rb3 Bb6 51. f3 Ra2+ 52. Kf1 f5 53. h4 c4 54. Nxc4 Rxa6 55. fxe4 fxe4 56. h5 Bd4 57. hxg6 hxg6 58. Nd2 e3 59. Nf3 Bc5 60. Rb2 Kd5 61. Ke2 Ra1 62. Rc2 Ra4 63. Ne1 Bd4 64. Kf3 Ra8 65. Nd3 Rf8+ 66. Ke2 Ra8 67. Kf3 g5 68. Nb4+ Kd6 69. Rc6+ Ke5 70. Nd3+ Kd5 71. Nb4+ Ke5 72. Nd3+ Kd5 73. Nb4+ Ke5 74. Nd3+ Kd5 1/2-1/2

[Event "Copenhagen-ch"]
[Site "Taastrup"]
[Date "2020.09.25"]
[Round "1"]
[White "Marchena Hurtado, Javier"]
[Black "Vasli, Aref"]
[Result "0-1"]
[WhiteElo "2322"]
[BlackElo "2371"]
[PlyCount "162"]
[EventDate "2020.09.25"]
[EventType "swiss"]
[EventRounds "5"]
[EventCountry "DEN"]
[SourceTitle "EXT 2021"]
[Source "ChessBase"]
[SourceDate "2020.10.23"]
[SourceVersion "1"]
[SourceVersionDate "2020.10.23"]
[SourceQuality "1"]

1. d4 Nf6 2. c4 g6 3. Nf3 Bg7 4. g3 0-0 5. Bg2 d5 6. cxd5 Nxd5 7. 0-0 Nc6 8. Nc3 Nb6 9. e3 Re8 10. Re1 Bg4 11. h3 Bd7 12. Qe2 Qc8 13. Kh2 e5 14. d5 Na5 15. e4 c6 16. Be3 Nac4 17. Rac1 Nxe3 18. Qxe3 Qd8 19. Red1 Qf6 20. Nd2 Rad8 21. Nb3 cxd5 22. Nxd5 Nxd5 23. exd5 e4 24. Qxa7 Qxb2 25. Rd2 Qe5 26. Re1 Bf5 27. Qxb7 h5 28. Rde2 Bc8 29. Qb6 Qxd5 30. Rxe4 Rxe4 31. Rxe4 Qd1 32. Re1 Qd3 33. Nc5 Qd4 34. Re4 Qd1 35. Qc6 Bf8 36. Re8 Rxe8 37. Qxe8 Bf5 38. Ne4 Bxe4 39. Qxe4 Qd2 40. Qa8 Qxf2 41. h4 Kg7 42. Qd5 Be7 43. Kh3 Bf6 44. a4 Bc3 45. Qb5 Qe3 46. Qg5 Qe6+ 47. Kh2 Be5 48. a5 f6 49. Qe3 Qg4 50. Bh3 Qd4 51. Qa3 Bd6 52. Qb3 Qd2+ 53. Bg2 Qxa5 54. Qb7+ Bc7 55. Qc6 Qe5 56. Qd7+ Kh6 57. Qd2+ g5 58. hxg5+ fxg5 59. Qf2 Bd6 60. Kh1 Kg7 61. Qf3 g4 62. Qb7+ Bc7 63. Qe4 Qa1+ 64. Kh2 Qf6 65. Qc6 Qh4+ 66. Kg1 Qxg3 67. Qd7+ Kf6 68. Qc6+ Bd6 69. Qd5 Qe1+ 70. Bf1 Qe3+ 71. Kh1 Qf4 72. Qg2 h4 73. Be2 Qc1+ 74. Qf1+ Qxf1+ 75. Bxf1 Kg5 76. Bd3 Kf4 77. Bb5 Kg3 78. Bc6 h3 79. Bb7 Kf2 80. Bc6 g3 81. Bd5 g2+ 0-1